000 00848nam a2200277 i 4500
001 5557
003 ES-MaACL
005 20251011063047.0
007 t|
008 881115s1986 sp ||||1| spa d
020 _a84-206-2458-6
080 _a008"00/15"
080 _a901(46)"00/15"
100 1 _aMaravall, José Antonio,
_d1911-1986
_976329
245 1 0 _aAntiguos y modernos
_b: visión de la historia e idea de progreso hasta el Renacimiento /
_cJosé Antonio Maravall.
250 _a2ª ed.
260 _aMadrid :
_bAlianza,
_c1986.
300 _aXVI, 628 p. ;
_c20 cm.
490 1 _aAlianza universidad ;
_v458
500 _aÍndice.
650 0 4 _aProgreso.
_916469
650 4 _aHistoria-
_xFilosofía.
_913380
830 0 _aAlianza universidad ;
_v458
_9177276
852 _aES-MaACL
_jL-12247
999 _c5557
_d5557